000
00297nam a2200133Ia 4500
100
_a
Kreyszig/E.
942
_c
BK
654
_a
Advanced Engg.Mathematics
245
_a
Advanced Engg. Mathematics
260
_b
Wiley eastern
_a
NEW DELHI
_c
1975
300
_a
898
546
_a
ENGLISH
999
_c
30476
_d
30476